| 000 | 00928cam a22002533a 4500 | ||
|---|---|---|---|
| 001 | 9463 | ||
| 003 | PGUSA | ||
| 005 | 20140828083212.0 | ||
| 008 | 051201s2005||||xxu|||||s|||||000 1 eng d | ||
| 040 |
_aPGUSA _beng |
||
| 042 | _adc | ||
| 050 | 4 | _aPS | |
| 100 | 1 |
_aSmith, Francis Hopkinson, _d1838-1915 |
|
| 245 | 1 | 4 |
_aThe Under Dog _h[electronic resource] / _cFrancis Hopkinson Smith |
| 260 |
_bProject Gutenberg, _c2005 |
||
| 505 | 0 | _aNo respecter of persons -- Cap'n Bob of the Screamer -- A procession of umbrellas -- "Doc" Shipman's fee -- Plain Fin, paper-hanger -- Long Jim -- Compartment number four, Cologne to Paris -- Sammy -- Marny's shadow -- Muffles, the bar-keep -- His last cent. | |
| 506 | _aPublic domain in the USA. | ||
| 516 | _aElectronic text | ||
| 653 | _aShort stories | ||
| 653 | _aFiction | ||
| 830 | 0 |
_aProject Gutenberg _v9463 |
|
| 856 | 4 | 0 | _uhttp://www.gutenberg.org/ebooks/9463 |
| 942 | _cEB | ||
| 999 |
_c238719 _d238719 |
||